000 00307nam a2200133Ia 4500
100 _aGrabowski/ Ralph
942 _cBK
366 _f15
654 _aUsing Autocad Release
245 _aUsing Autocad Release
260 _bComdex Computer Publishing
_aNew Delhi
_c1998
082 _a6.6
546 _aENGLISH
999 _c20813
_d20813